Diccionario de Economía Política
| Main Author: | |
|---|---|
| Format: | Section = Libro |
| Language: | Undetermined Spanish |
| Published: |
[s.l.]
Grijalbo
1976
|
| Subjects: |
| LEADER | 00528nam a2200193Ia 4500 | ||
|---|---|---|---|
| 008 | 240830s9999 xx 000 0 und d | ||
| 020 | |a 84-253-0610-8 | ||
| 040 | |a B-ESTELÍ- RUACS / Ref 335.0092 Z63 | ||
| 041 | |a spa | ||
| 082 | |a Ref 335.0092 Z63 | ||
| 100 | 1 | |a Zhamin Makarova, Borisov | |
| 245 | 1 | 0 | |a Diccionario de Economía Política |
| 260 | |a [s.l.] |b Grijalbo |c 1976 | ||
| 300 | |a 250 p. | ||
| 650 | 7 | |a ECONOMIA - DICCIONARIO | |
| 650 | 7 | |b HISTORIA - PENSAMIENTO ECONOMICO | |
| 942 | |c BK |2 ddc | ||
| 991 | |a TEXTO | ||
| 999 | |c 11718 | ||